[Event "Dushanbe zt 3.4"]
[Site "Dushanbe"]
[Date "2015.06.05"]
[Round "2"]
[White "Kabilov, Amin"]
[Black "Okilov, Nematullo"]
[Result "1-0"]
[WhiteElo "2199"]
[BlackElo "1993"]
[PlyCount "154"]
[EventDate "2015.06.04"]
[EventType "swiss"]
[EventRounds "9"]
[EventCountry "TJK"]
[SourceTitle "CBM 167 Extra"]
[Source "ChessBase"]
[SourceDate "2015.09.14"]
[SourceVersion "1"]
[SourceVersionDate "2015.09.14"]
[SourceQuality "1"]

1. Nf3 d5 2. g3 Bf5 3. c4 e6 4. cxd5 exd5 5. Qb3 b6 6. Nc3 Nf6 7. Bg2 c6 8. 0-0 Be7 9. d4 0-0 10. Ne5 b5 11. Bg5 a5 12. Rac1 Ra6 13. Rfe1 Nbd7 14. Qd1 h6 15. Bf4 Re8 16. a4 b4 17. Nb1 Nxe5 18. Bxe5 Bd6 19. Bxd6 Qxd6 20. Nd2 Be4 21. Bf1 Ra7 22. e3 Bf5 23. Nf3 Bg4 24. Be2 Bxf3 25. Bxf3 Re6 26. Re2 Qd7 27. Rec2 Qb7 28. b3 Ra8 29. Qd3 Qb6 30. Kg2 Rae8 31. Rc5 Nd7 32. R5c2 Nf6 33. h3 g6 34. Qe2 Kg7 35. Kh2 R8e7 36. Bg2 Re8 37. Kg1 R8e7 38. Qd3 Re8 39. g4 R8e7 40. Bf3 Re8 41. Qf1 R8e7 42. Qg2 Re8 43. Qg3 R8e7 44. h4 Nd7 45. g5 h5 46. Bg2 f5 47. gxf6+ Rxf6 48. Bf3 Kh7 49. Be2 Re4 50. Kh2 Rfe6 51. Bf3 Nf6 52. Bxe4 Nxe4 53. Qf4 Rf6 54. Qe5 Qd8 55. Kg2 Rf5 56. Qh2 Qf8 57. Kg1 Kh6 58. Qg2 Qf7 59. Rf1 Qf6 60. Qh2 Rf3 61. Qg2 Rf5 62. f4 Nc3 63. Qg5+ Kg7 64. Qxf6+ Rxf6 65. Rfc1 Re6 66. Rxc3 bxc3 67. Rxc3 Kf6 68. Kf2 Kf5 69. Kf3 g5 70. hxg5 h4 71. Rc1 Kg6 72. Kg4 Rxe3 73. Rxc6+ Kg7 74. Kxh4 Re4 75. Kg4 Rxd4 76. Rc5 Rd1 77. Kf5 d4 1-0

[Event "Dushanbe zt 3.4"]
[Site "Dushanbe"]
[Date "2015.06.04"]
[Round "1"]
[White "Okilov, Nematullo"]
[Black "Vokhidov, Shamsiddin"]
[Result "0-1"]
[WhiteElo "1993"]
[BlackElo "2343"]
[PlyCount "74"]
[EventDate "2015.06.04"]
[EventType "swiss"]
[EventRounds "9"]
[EventCountry "TJK"]
[SourceTitle "CBM 167 Extra"]
[Source "ChessBase"]
[SourceDate "2015.09.14"]
[SourceVersion "1"]
[SourceVersionDate "2015.09.14"]
[SourceQuality "1"]

1. e4 c5 2. Nf3 e6 3. d4 cxd4 4. Nxd4 Nc6 5. Be2 Nf6 6. Nxc6 bxc6 7. Nd2 d5 8. Bd3 Bd6 9. 0-0 Qc7 10. h3 0-0 11. Re1 e5 12. Qe2 Be6 13. c4 dxe4 14. Bxe4 Nd7 15. Nb3 a5 16. a4 f5 17. Bc2 c5 18. Bd2 e4 19. Bc3 Ne5 20. Nd2 Qf7 21. b3 Rad8 22. Rad1 Bc7 23. Qe3 Ng6 24. Qxc5 Rc8 25. Qe3 Bf4 26. Qb6 Nh4 27. Kf1 Qg6 28. g3 Bxd2 29. Bxd2 Bxc4+ 30. bxc4 Qxb6 31. gxh4 Qb2 32. Bb1 Rfd8 33. Bxa5 Rxd1 34. Rxd1 Qb3 35. Re1 Rxc4 36. Bd2 Rd4 37. Be3 Rd1 0-1